Revolucion urbana : (Registro nro. 11765)

Detalles MARC
000 -LEADER
longitud fija campo de control 00928nam a22002897a 4500
003 - IDENTIFICADOR DE NUMERO DE CONTROL
control del campo AR-RoUNA
005 - FECHA DE LA ULTIMA MODIFICACION
control del campo 20250213170418.0
008 - CAMPO DE CONTROL - LIBROS
longitud fija campo de control 250213b |||||||| |||| 00| 0 spa d
020 ## - INTERNATIONAL STANDARD BOOK NUMBER
ISBN 9789560101778
040 ## - ORIGEN DE LA CATALOGACION
Agencia que cataloga la obra original AR-RoUNA
Idioma en que se cataloga spa
Entidad que modifico el registro AR-RoUNA
041 ## - CODIGO DE IDIOMA
Codigo de idioma del texto / sonido o titulo separado spa
Codigo de idioma de la traduccion original y / o intermedios de texto spa
044 ## - CODIGO DE PAIS / ENTIDAD PRODUCTORA
Codigo MARC del pais ag
100 1# - ASIENTO PRINCIPAL - NOMBRE PERSONAL
Nombre personal Mattos, Carlos A. de
9 (RLIN) 26882
245 1# - TITULO PROPIAMENTE DICHO
Titulo Revolucion urbana :
Subtitulo estado, mercado y capital en America Latina /
Mencion de responsabilidad, etc Carlos A. de Mattos
250 ## - MENCION DE EDICION
Edicion declarada 1a. ed.
260 ## - EDITORIAL - PUBLICACION, DISTRIBUCION, ETC. (Pie de imprenta)
Lugar de publicacion, distribucion, etc Providencia, Santiago De Chile :
Nombre del editor, distribuidor, etc RIL editores - Instituto de Estudios Urbanos y Territoriales UC,
Fecha de publicacion 2015
300 ## - DESCRIPCION FISICA
Extension 320 p.:
Dimensiones 23x15 cm
490 ## - MENCION DE SERIE
Titulo de la serie Estudios Urbanos UC
650 4# - MATERIA - TERMINO TEMATICO
Término temático general Urbanismo
Subdivisión geográfica Chile
650 4# - MATERIA - TERMINO TEMATICO
Término temático general Desarrollo urbano
Subdivisión geográfica America Latina
650 4# - MATERIA - TERMINO TEMATICO
Término temático general Planificacion urbana
908 ## - SOPORTE
Soporte Imp
930 ## - ACCESION
Numero de accesion (NR) 12143
942 ## - FUENTE DE CLASIFICACION
Clasificacion Dewey Decimal Classification
Tipo de item Libro
945 ## - INFORMACION DE PROCESAMIENTO
Codigo del operador MIA
Fecha de ingreso o modificacion 2025-02-13
980 ## - DECLARACIÓN DE EQUIVALENCIA O SERIE DE REFERENCIA CRUZADA - NOMBRE / TÍTULO PERSONAL [LOCAL, CANADÁ]
Código del operador 1
Nombre del operador Maricel Allasia
Código del operador que modifico el registro 1
Nombre del operador que modifico el registro Maricel Allasia
Existencias
Estado retiro Estado perdido Sistema de clasificacion Estado general Restricciones de uso Biblioteca de origen Ubicacion actual Fecha de adquisicion Fuente de adquisicion Prestamos totales Signatura y librística Proveedor Numero de ejemplar Tipo de elemento KOHA Nota no publica
Disponible Disponible cdu No dañado Ningun uso de restricciones Arq. Hilarión H. Larguia Arq. Hilarión H. Larguia 13/02/2025 Don   711.4 M444 18252 ej. 1 Libro